000 00335nam a2200133Ia 4500
008 240624s9999 xx 000 0 und d
041 _aeng
082 _a658.4038 HOW
100 _aHOWARD RONALD A
245 _aFOUNDATIONS OF DECISION ANALYSIS
260 _c2016
_aNew Delhi
_bPearson
300 _a829 p.; 23 cm.
365 _cBPS
_b28
999 _c29672
_d29672